000
00315nam a2200121Ia 4500
008
190216s9999||||xx |||||||||||||| ||und||
100
_a
Jain Ts
245
0
_a
State Bank Probationary Officers Examination
260
_b
Upkar Prakashan
_c
1985
300
_a
256p
650
_a
Probationary Officers Exam
942
_c
REF
999
_c
35619
_d
35619